000 00713nam a2200229 i 4500
001 bg
100 1 _aKINNEY, John J.
245 0 _aStatistics for science and engineering /
_cJohn J. Kinney.
260 _aBoston [et al.] :
_bAddison Wesley,
_c2002.
300 _aXVI, 488 s. :
_bil. ;
_c24 cm.
504 _aBibliogr. - Indeks.
650 9 _aStatystyka matematyczna
650 9 _aMathematica (informat.)
_xstosowanie
020 _a0201437201
040 _cBPK
041 0 _aeng
080 _a519.2
920 _a0-201-43720-1
942 _cKS
008 s pl f |000 0 pol
999 _c44249
_d44249
856 _uhttp://koha.tu.koszalin.pl/cgi-bin/koha/opac-detail.pl?biblionumber=44249
_yKatalog online BPK